00394nam a2200121 a 450000500170000000800410001705000170005810000190007524500260009426000370012099900190015795200960017620140414131923.0101026s19uu xx 00 eng d aERbD28 1999 aShannon, David aDAvid goes to school. bScholastic ,c1999.aNew York : c111879d111879 001040aMUbMUcERd2010-10-26l0oER D28 1999pM2796r2014-04-14 00:00:00w2014-04-14yBK